Implementácia modelu HGN na meranie výkonnosti slovenských podnikov

Súčasný stav poznatkového zázemia modelu HGN. Nový model HGN merania finančnej výkonnosti, použiteľný vo finančnom rozhodovaní nefinančných podnikov dosahujúcich kladný výsledok hospodárenia. Stručná charakteristika údajov základne. Matematický aparát. Charakteristika súhrnného ukazovateľa. Určenie...

ver descrição completa

Na minha lista:
Detalhes bibliográficos
Autor principal: Hyránek, Eduard, 1955-
Outros Autores: Grell, Michal, Nagy, Ladislav
Formato: Capítulo de Livro
Idioma:eslovaco
Assuntos:
Tags: Adicionar Tag
Sem tags, seja o primeiro a adicionar uma tag!

MARC

LEADER 00000nla a2200000 4500
001 0237078
005 20240502083633.5
041 0 |a slo 
044 |a CZ 
245 1 0 |a Implementácia modelu HGN na meranie výkonnosti slovenských podnikov  |c Eduard Hyránek, Michal Grell, Ladislav Nagy 
520 |a Súčasný stav poznatkového zázemia modelu HGN. Nový model HGN merania finančnej výkonnosti, použiteľný vo finančnom rozhodovaní nefinančných podnikov dosahujúcich kladný výsledok hospodárenia. Stručná charakteristika údajov základne. Matematický aparát. Charakteristika súhrnného ukazovateľa. Určenie optimálnych intervalov syntetického ukazovateľa (SU). Overovanie a revidovanie intervalov SU. 
610 2 0 |a modely lineárne 
610 2 0 |a modelovanie lineárne 
610 2 0 |a programovanie 
610 2 0 |a výkonnosť podniku 
100 1 |a Hyránek, Eduard, 1955- 
700 1 |a Grell, Michal 
700 1 |a Nagy, Ladislav